LIBRARY & INFORMATION CENTRE, KCAET, TAVANUR

ONLINE PUBLIC ACCESS CATALOGUE (OPAC)

Design of Machine Elements (Record no. 14741)

MARC details
000 -LEADER
fixed length control field 00368nam a22001457a 4500
020 ## - INTERNATIONAL STANDARD BOOK NUMBER
ISBN 9780070672840
082 ## - DEWEY DECIMAL CLASSIFICATION NUMBER
Classification number 621.801
Item number GAN/DE
100 ## - MAIN ENTRY--AUTHOR NAME
Personal name Ganesh Babu K.
100 ## - MAIN ENTRY--AUTHOR NAME
Personal name Srithar K.
245 ## - TITLE STATEMENT
Title Design of Machine Elements
250 ## - EDITION STATEMENT
Edition statement 2 nd
260 ## - PUBLICATION, DISTRIBUTION, ETC. (IMPRINT)
Place of publication New Delhi
Name of publisher Tata McGraw Hill Education Private Limited.
Year of publication 2010
300 ## - PHYSICAL DESCRIPTION
Number of Pages 544
942 ## - ADDED ENTRY ELEMENTS (KOHA)
Koha item type Book Bank scheme for SC students
Holdings
Withdrawn status Lost status Damaged status Collection code Home library Current library Shelving location Date acquired Source of acquisition Cost, normal purchase price Full call number Accession Number Koha item type
        KAUAET KAUAET Scheme 26/08/2016 Cosmo Books, Calicut. 430.00 621.801 GAN/DE BB 248 Book Bank scheme for SC students
free website counter